Eddy-Current System for Testing Inner Diameter of Pipes; Russian Journal of Nondestructive Testing; Vol. 55, iss. 3
| Parent link: | Russian Journal of Nondestructive Testing Vol. 55, iss. 3.— 2019.— [P. 210-216] |
|---|---|
| Autor principal: | |
| Autor corporatiu: | |
| Altres autors: | |
| Sumari: | Title screen We propose a method for eddy-current testing of the inner diameter of electroconductive pipes. The design of an eddy current transducer is described, as well as an algorithm for converting measurement information signals and the block diagram of a system for testing the inner diameter of pipes that allows testing under conditions of significant radial displacements of the eddy current probe inside the pipe. The effectiveness of the proposed engineering solutions is evaluated. Режим доступа: по договору с организацией-держателем ресурса |
| Idioma: | anglès |
| Publicat: |
2019
|
| Matèries: | |
| Accés en línia: | https://doi.org/10.1134/S1061830919030069 |
| Format: | Electrònic Capítol de llibre |
| KOHA link: | https://koha.lib.tpu.ru/cgi-bin/koha/opac-detail.pl?biblionumber=662236 |
MARC
| LEADER | 00000naa0a2200000 4500 | ||
|---|---|---|---|
| 001 | 662236 | ||
| 005 | 20250408144803.0 | ||
| 035 | |a (RuTPU)RU\TPU\network\33373 | ||
| 090 | |a 662236 | ||
| 100 | |a 20200617d2019 k||y0rusy50 ba | ||
| 101 | 0 | |a eng | |
| 102 | |a US | ||
| 135 | |a drnn ---uucaa | ||
| 181 | 0 | |a i | |
| 182 | 0 | |a b | |
| 200 | 1 | |a Eddy-Current System for Testing Inner Diameter of Pipes |f E. K. Kiselev, A. E. Goldstein (Goldshtein) | |
| 203 | |a Text |c electronic | ||
| 300 | |a Title screen | ||
| 320 | |a [References: 11 tit.] | ||
| 330 | |a We propose a method for eddy-current testing of the inner diameter of electroconductive pipes. The design of an eddy current transducer is described, as well as an algorithm for converting measurement information signals and the block diagram of a system for testing the inner diameter of pipes that allows testing under conditions of significant radial displacements of the eddy current probe inside the pipe. The effectiveness of the proposed engineering solutions is evaluated. | ||
| 333 | |a Режим доступа: по договору с организацией-держателем ресурса | ||
| 461 | |t Russian Journal of Nondestructive Testing | ||
| 463 | |t Vol. 55, iss. 3 |v [P. 210-216] |d 2019 | ||
| 610 | 1 | |a электронный ресурс | |
| 610 | 1 | |a труды учёных ТПУ | |
| 610 | 1 | |a inner diameter testing | |
| 610 | 1 | |a eddy current transducer | |
| 610 | 1 | |a eddy-current testing system | |
| 610 | 1 | |a amplitudephase conversion | |
| 610 | 1 | |a detuning from radial displacements | |
| 610 | 1 | |a вихретоковые преобразователи | |
| 610 | 1 | |a вихретоковый контроль | |
| 610 | 1 | |a амплитудно-фазовые преобразования | |
| 700 | 1 | |a Kiselev |b E. K. | |
| 701 | 1 | |a Goldstein (Goldshtein) |b A. E. |c Specialist in the field of non-destructive testing |c Professor of Tomsk Polytechnic University, Doctor of technical sciences |f 1954- |g Aleksandr Efremovich |3 (RuTPU)RU\TPU\pers\32322 |9 16296 | |
| 712 | 0 | 2 | |a Национальный исследовательский Томский политехнический университет |b Инженерная школа неразрушающего контроля и безопасности |b Отделение контроля и диагностики |3 (RuTPU)RU\TPU\col\23584 |
| 801 | 2 | |a RU |b 63413507 |c 20200617 |g RCR | |
| 856 | 4 | |u https://doi.org/10.1134/S1061830919030069 | |
| 942 | |c CF | ||